| 000 | 00617cam a22002411 4500 | ||
|---|---|---|---|
| 001 | sa 68005303 | ||
| 003 | DLC | ||
| 005 | 20260227112507.0 | ||
| 008 | 890403s1967 xx 000 0 hino | ||
| 010 | _asa 68005303 | ||
| 035 | _a(OCoLC)23558953 | ||
| 040 |
_aDLC _cMiU _dDLC |
||
| 042 | _apremarc | ||
| 043 | _aa-ii--- | ||
| 050 | 0 | 0 |
_aDS425 _b.T47 |
| 100 | 1 | _aṬhakura, Ādyādatta. | |
| 245 | 1 | 0 | _aVedoṃ meṃ Bhāratīya saṃskr̥ti. |
| 260 | _c[1967] | ||
| 300 |
_a21, 454 p. _c22 cm. |
||
| 500 | _aRomanized. | ||
| 630 | 0 | 0 |
_aVedas _xCriticism, interpretation, etc. |
| 651 | 0 |
_aIndia _xCivilization |
|
| 999 |
_c80641 _d80641 |
||